000 00603nam a22002057a 4500
003 OSt
005 20140310182824.0
008 130202t xxu||||| |||| 00| 0 eng d
020 _a9780745650395
050 _aBD 444
_b.C934 2010
082 _aM 128.5
_bC934 2010
245 _aHow to stop living and start worrying :
_bconversations with Carl Cederström
_cCritchley, Simon
260 _aCambridge ;
_b Malden, MA : Polity,
_c2010.
300 _axiii, 134 p. ;
_c 22 cm.
521 _acollege students
526 _c1210L-1700L
541 _j1
562 _e1
942 _2lcc
_cBK
_kM
999 _c16444
_d16444